|
|
|
|
| LEADER |
02979nam a22005895i 4500 |
| 001 |
978-3-319-54687-2 |
| 003 |
DE-He213 |
| 005 |
20170309174810.0 |
| 007 |
cr nn 008mamaa |
| 008 |
170309s2016 gw | s |||| 0|eng d |
| 020 |
|
|
|a 9783319546872
|9 978-3-319-54687-2
|
| 024 |
7 |
|
|a 10.1007/978-3-319-54687-2
|2 doi
|
| 040 |
|
|
|d GrThAP
|
| 050 |
|
4 |
|a LB1028.43-1028.75
|
| 072 |
|
7 |
|a JNV
|2 bicssc
|
| 072 |
|
7 |
|a EDU039000
|2 bisacsh
|
| 072 |
|
7 |
|a COM023000
|2 bisacsh
|
| 082 |
0 |
4 |
|a 374.26
|2 23
|
| 245 |
1 |
0 |
|a Stakeholders and Information Technology in Education
|h [electronic resource] :
|b IFIP TC 3 International Conference, SaITE 2016, Guimarães, Portugal, July 5-8, 2016, Revised Selected Papers /
|c edited by Torsten Brinda, Nicholas Mavengere, Ilkka Haukijärvi, Cathy Lewin, Don Passey.
|
| 264 |
|
1 |
|a Cham :
|b Springer International Publishing :
|b Imprint: Springer,
|c 2016.
|
| 300 |
|
|
|a X, 183 p. 34 illus.
|b online resource.
|
| 336 |
|
|
|a text
|b txt
|2 rdacontent
|
| 337 |
|
|
|a computer
|b c
|2 rdamedia
|
| 338 |
|
|
|a online resource
|b cr
|2 rdacarrier
|
| 347 |
|
|
|a text file
|b PDF
|2 rda
|
| 490 |
1 |
|
|a IFIP Advances in Information and Communication Technology,
|x 1868-4238 ;
|v 493
|
| 520 |
|
|
|a This book constitutes the thoroughly refereed post-conference proceedings of the First IFIP TC 3 International Conference on Stakeholders and Information Technology in Education, SaITE 2016, held in Guimarães, Portugal, in July 2016. The 15 full papers presented together with 2 short papers were carefully reviewed and selected from 48 submissions. They are organized in four topical sections: computer studies - developing practices and involving stakeholders; teacher education - key stakeholder practices; developments in educational management; and information and communication technologies for social and national development.
|
| 650 |
|
0 |
|a Computer science.
|
| 650 |
|
0 |
|a Software engineering.
|
| 650 |
|
0 |
|a Artificial intelligence.
|
| 650 |
|
0 |
|a Application software.
|
| 650 |
|
0 |
|a Education
|x Data processing.
|
| 650 |
|
0 |
|a Computers and civilization.
|
| 650 |
1 |
4 |
|a Computer Science.
|
| 650 |
2 |
4 |
|a Computers and Education.
|
| 650 |
2 |
4 |
|a Information Systems Applications (incl. Internet).
|
| 650 |
2 |
4 |
|a Computers and Society.
|
| 650 |
2 |
4 |
|a Computer Appl. in Social and Behavioral Sciences.
|
| 650 |
2 |
4 |
|a Artificial Intelligence (incl. Robotics).
|
| 650 |
2 |
4 |
|a Software Engineering.
|
| 700 |
1 |
|
|a Brinda, Torsten.
|e editor.
|
| 700 |
1 |
|
|a Mavengere, Nicholas.
|e editor.
|
| 700 |
1 |
|
|a Haukijärvi, Ilkka.
|e editor.
|
| 700 |
1 |
|
|a Lewin, Cathy.
|e editor.
|
| 700 |
1 |
|
|a Passey, Don.
|e editor.
|
| 710 |
2 |
|
|a SpringerLink (Online service)
|
| 773 |
0 |
|
|t Springer eBooks
|
| 776 |
0 |
8 |
|i Printed edition:
|z 9783319546865
|
| 830 |
|
0 |
|a IFIP Advances in Information and Communication Technology,
|x 1868-4238 ;
|v 493
|
| 856 |
4 |
0 |
|u http://dx.doi.org/10.1007/978-3-319-54687-2
|z Full Text via HEAL-Link
|
| 912 |
|
|
|a ZDB-2-SCS
|
| 950 |
|
|
|a Computer Science (Springer-11645)
|